000
00253nam a22001097a 4500
008
170116b xxu||||| |||| 00| 0 eng d
020
_a
0763744373
041
_a
eng
080
_a
618.2
245
_a
EVIDENCE-BASED PRACTICE
_c
SCHMIDT, N.A
942
_2
udc
_c
BK
999
_c
2951
_d
2951